000 02162cam a2200373Ii 4500
001 11357464
003 ARRUPE
005 20150807123451.0
008 140417s2015 nyu b 000 0 eng d
020 _a0062333933
020 _a9780062333933
024 _a40024723420
035 _a(OCoLC)877364232
_z(OCoLC)904970928
035 _a(OCoLC)ocn877364232
035 _a(NNC)11357464
040 _aYDXCP
_cYDXCP
_dBTCTA
_dBDX
_dNOG
_dOCLCO
_dCCE
_dZHB
_dCLE
_dWIM
_dIK2
_dBUR
_dIHZ
050 4 _aBP190.5.S35
_bH57 2015
082 0 4 _a297.272
_223
100 1 _aHirsi Ali, Ayaan,
_918547
245 1 0 _aHeretic :
_bwhy Islam needs a reformation now /
_cAyaan Hirsi Ali.
260 _aNew York
_bHarper Collins Publishers
_c2015
300 _ax, 272 pages ;
_c24 cm
504 _aIncludes bibliographical references (pages 251-272).
505 0 _aIntroduction: One Islam, three sets of Muslims -- The story of a heretic : my journey away from Islam -- Why has there been no Muslim Reformation? -- Muhammad and the Qur'an : how unquestioning reverence for the Prophet and his book obstructs reform -- Those who love death : Islam's fatal focus on the afterlife -- Shackled by sharia : how Islam's harsh religious code keeps Muslims stuck in the seventh century -- Social control begins at home : how the injunction to command right and forbid wrong keeps Muslims in line -- Jihad : why the call for holy war is a charter for terror -- The twilight of tolerance -- Conclusion: The Muslim Reformation -- Appendix: Muslim dissidents and reformers.
520 _a"Ayaan Ali Hirsi makes a powerful case that a religious Reformation is the only way to end the terrorism, sectarian warfare and the repression of women and minorities that each year claim thousands of lives throughout the Muslim world"--Publisher.
600 _aHirsi Ali, Ayaan
_918548
650 0 _aIslam and secularism.
_918549
650 0 _aIslam
_y21st century.
_918550
650 0 _aIslam and politics
_zIslamic countries.
_918551
651 0 _aIslamic countries
_xPolitics and government
_y21st century.
_918552
942 _2lcc
_cMONOGRAPH
948 1 _a20150414
_bc
_csl13
_dMPS
999 _c123044
_d123044